Central Library and Information Centre
Sibsagar Girls' College, Sivasagar : Assam

MODEL QUESTIONS & ANSWERS : ARTHANAUTIK BHABDHARA BURANJI / FOR PAPER- VIII/ECO (M) (Record no. 10074)

MARC details
000 -LEADER
fixed length control field 00549cam a2200205ua 4500
008 - FIXED-LENGTH DATA ELEMENTS--GENERAL INFORMATION
fixed length control field 160229n II |||gr||||Z||||||eng
040 ## - CATALOGING SOURCE
Original cataloging agency MAIN
041 ## - LANGUAGE CODE
-- English
082 ## - DEWEY DECIMAL CLASSIFICATION NUMBER
Classification number 330 KAL
100 ## - MAIN ENTRY--PERSONAL NAME
Personal name KALITA , MAHAJAN .
245 ## - TITLE STATEMENT
Title MODEL QUESTIONS & ANSWERS : ARTHANAUTIK BHABDHARA BURANJI / FOR PAPER- VIII/ECO (M)
250 ## - EDITION STATEMENT
Edition statement 1ST.
260 ## - PUBLICATION, DISTRIBUTION, ETC.
Place of publication, distribution, etc. JORHAT
Name of publisher, distributor, etc. UNIKA PRAKASHAN
Date of publication, distribution, etc. 2007-08
300 ## - PHYSICAL DESCRIPTION
Extent 148:
Dimensions 20CM.
700 ## - ADDED ENTRY--PERSONAL NAME
Personal name KALITA , MAHAJAN .,
Relator term Author.
700 ## - ADDED ENTRY--PERSONAL NAME
Personal name BEGUM , ALENA .
942 ## - ADDED ENTRY ELEMENTS (KOHA)
Koha item type Books
653 ## - INDEX TERM--UNCONTROLLED
Uncontrolled term Economics
Holdings
Withdrawn status Lost status Damaged status Not for loan Collection code Home library Current library Shelving location Date acquired Full call number Barcode Date last seen Copy number Price effective from Koha item type
        General Reference Central Library and Information Centre Sibsagar Girls College Central Library and Information Centre Sibsagar Girls College Competitive Exam Book 04.02.1984 330 KAL 08820 27.02.2020 1 27.02.2020 Books


Sibsagar Girl's College © 2020. All rights reserved.
Powered by Koha.
Maintained by Abhijit Borpuzari.